000 00715nam a2200217 a 4500
001 000025607
005 20200930023919.0
008 110218s1971 mx r 000 0 spa d
040 _aDO-SdBNP
_bspa
_cBNGR
041 1 7 _aspa
_heng
_2Código de idioma MARC
082 _aNNN
_bA273h
100 1 _aAgnew, Spiro T.
_952299
240 1 0 _aFrankly speaking.
_lEspañol.
245 1 0 _aHablando con franqueza /
_cSpiro T. Acnew ; traductora Margarita Álvarez Franco.
260 _aMéxico, D. F. :
_bDiana,
_c1971.
300 _a134 p. ;
_c22 cm.
500 _aIncluye notas al pie de las páginas
534 _aTítulo original:
_tFrankly speaking.
700 1 _aÁlvarez Franco, Margarita
_etr.
_912553
049 _aBNGR
999 _c25099
_d25099